| 000 | 01257pam a2200313 a 4500 | ||
|---|---|---|---|
| 001 | 3369224 | ||
| 003 | NUST-PNEC | ||
| 005 | 20170116180659.0 | ||
| 008 | 871221s1988 nyua bf 001 0 eng | ||
| 010 | _a 87033626 | ||
| 020 |
_a0070335591 (pbk.) : _c$22.95 |
||
| 040 |
_aDLC _cPNEC _dDLC |
||
| 050 | 0 | 0 |
_aTK7825 _b.E38 1988 |
| 082 | 0 | 0 | _a621.381 KAU |
| 245 | 0 | 0 |
_aElectronics sourcebook for technicians and engineers / _ceditors in chief, Milton Kaufman, Arthur H. Seidman ; Perry J. Sheneman, associate editor. |
| 260 |
_aNew York : _bMcGraw-Hill, _cc1988. |
||
| 300 |
_a1 v. (various pagings) : _bill. ; _c23 cm. |
||
| 500 | _ahttp://www.amazon.com/Electronics-Sourcebook-Technicians-Engineers-Kaufman/dp/0070335591/ref=sr_1_1?s=books&ie=UTF8&qid=1410002898&sr=1-1&keywords=0070335591 | ||
| 500 | _aCondensed ed. of: Handbook for electronics engineering technicians. 2nd ed. c1984. | ||
| 504 | _aIncludes bibliographies and index. | ||
| 650 | 0 |
_aElectronics _xHandbooks, manuals, etc. |
|
| 650 | 0 | _xEL | |
| 700 | 1 | _aKaufman, Milton. | |
| 700 | 1 | _aSeidman, Arthur H. | |
| 700 | 1 | _aSheneman, Perry J. | |
| 730 | 0 | _aHandbook for electronics engineering technicians. | |
| 906 |
_a7 _bcbc _corignew _d1 _eocip _f19 _gy-gencatlg |
||
| 942 |
_2ddc _cBK |
||
| 999 |
_c60490 _d60490 |
||